00000000nem##2200000za#4500
0019.548376
003CaOODSP
00520200326233327
007aj |a|||
008150406|2010||||xxc||||   a##f  |   eng|d
020 |a978-0-660-64259-8
022 |a1915-884X
040 |aCaOODSP|beng
041 |aeng
041 |afre
043 |an-cn---
0861 |aM116-2/063D16
1101 |aCanada.|bNatural Resources Canada. |bCentre for Topographic Information.
24510|aHudson Bay, Saskatchewan : |h[cartographic material]|bHudson Bay Rural Municipality
250 |aEd. 04, version 00
255 |aScale 1:50,000
260 |aOttawa - Ontario : |bNatural Resources Canada. |c2010.
300 |a1 sheet. : |bcoloured map ; |c71 cm.
4901 |aCanadian topographic maps|x1915-884X|v63-D/16
500 |aSeries A742. Includes a legend.
590 |a10-23|b2010-06-11
7760#|tHudson Bay, Saskatchewan : |w(CaOODSP)9.583566
792 |tHudson Bay, Saskatchewan : |efre|w(CaOODSP)9.548377
830#0|aCanadian topographic maps,|x1915-884X|v63-D/16|w(CaOODSP)9.511450